000 00243nam a2200097Ia 4500
001 1206723
005 20251013104756.0
008 250824s9999 xx 000 0 und d
245 0 _aKARAYEL HÜZNÜ
_cBUKET UZUNER
260 _bEVEREST YAYINLARI
999 _c1206723
_d1206723